LEADER 00897nam0 2200265 450 001 000010795 005 20180530104602.0 100 $a20080508d1886----km-y0itay50------ba 101 0 $afre 102 $aFR 105 $ay-------001yy 200 1 $aApplication nautique de la nouvelle théorie des marées$fpar Hoëné Wronski 210 $aParis$cGauthier-Villars$d1886 215 $aVIII, 96 p.$d33 cm 300 $aSul front.: Oeuvre posthume 312 $aTit. dell'occhietto 500 10$aApplication nautique de la nouvelle théorie des marées$936693 517 1 $aNouvelle science nautique des marées 676 $a551.47$v19 700 1$aHoëné-Wronski,$bJózef Maria$f<1776-1853> 801 0$aIT$bUNIPARTHENOPE$c20080508$gRICA$2UNIMARC 912 $a000010795 951 $a551.47/108$b2247$cPIST 996 $aApplication nautique de la nouvelle théorie des marées$936693 997 $aUNIPARTHENOPE